Countries getting most of its arms from Russia - Statistics

General Stats
  • This quiz has been taken 37 times
  • The average score is 9 of 15
Answer Stats
Hint Answer % Correct
3 China
83%
Syria
83%
Iran
80%
Vietnam
73%
Venezuela
70%
2 Belarus
67%
Mongolia
67%
Myanmar
60%
1 Algeria
57%
Libya
53%
Sudan
53%
Malaysia
50%
Turkmenistan
50%
Uganda
43%
4 Cyprus
30%
No matching quizzes found
Score Distribution
Percent of People with Each Score
Percentile by Number Answered
Your Score History
You have not taken this quiz